LEADER 01770nam 2200469 450 001 9910707009203321 005 20160413145215.0 035 $a(CKB)5470000002461400 035 $a(OCoLC)946595667 035 $a(EXLCZ)995470000002461400 100 $a20160413d2016 ua 0 101 0 $aeng 135 $aurmn||||||||| 181 $ctxt$2rdacontent 182 $cc$2rdamedia 183 $acr$2rdacarrier 200 10$aChanges in streamflow characteristics in Wisconsin as related to precipitation and land use /$fby Warren A. Gebert, Herbert S. Garn, and William J. Rose 205 $aVersion 1.1 January 2016. 210 1$aReston, Virginia :$cU.S. Department of the Interior, U.S. Geological Survey,$d2016. 215 $a1 online resource (iv, 25 pages) $ccolor illustrations 225 1 $aScientific investigations report ;$v2015-5140 300 $aTitle from title screen (viewed April 13, 2016). 300 $a"Revised: January 26, 2016 (ver. 1.1)"--Page [ii]. 320 $aIncludes bibliographical references (pages 21-23). 606 $aStreamflow$zWisconsin 606 $aStream measurements$zWisconsin 606 $aPrecipitation (Meteorology)$zWisconsin 606 $aLand use$xEnvironmental aspects$zWisconsin 615 0$aStreamflow 615 0$aStream measurements 615 0$aPrecipitation (Meteorology) 615 0$aLand use$xEnvironmental aspects 700 $aGebert$b W. A.$01385427 702 $aGarn$b Herbert S. 702 $aRose$b William J. 712 02$aGeological Survey (U.S.), 801 0$bGPO 801 1$bGPO 906 $aBOOK 912 $a9910707009203321 996 $aChanges in streamflow characteristics in Wisconsin as related to precipitation and land use$93449857 997 $aUNINA